Statistiques concernant Les principaux films de Jean GABIN

Cliquez ici pour prendre le quiz!

Statistiques générales

  • Ce quiz a été pris 43 fois
  • Le résultat moyen est 8 sur 26

Statistiques - réponses

Réponse% Correct
Le Quai des brumes
65%
Le tatoué
58%
La traversée de Paris
55%
Le clan des siciliens
55%
Un singe en Hiver
55%
Le pacha
52%
Pepe le moko
42%
Le Chat
39%
Touchez pas au grisbi
39%
Le cave se rebiffe
32%
Le Président
32%
L'affaire dominici
29%
Mélodie en sous sol
29%
Deux hommes dans la ville
26%
La bête humaine
26%
La horse
19%
Le jour se lève
19%
Les vieux de la vieille
16%
En cas de malheur
13%
La grande illusion
13%
Razzia sur la chnouf
13%
Gueule d'Amour
10%
Maigret tend un piège
10%
Remorque
10%
Voici le temps des assassins
6%
Le Horla
0%

Distribution des résultats

Percentile par nombre de réponses

% des personnes avec chaque résultat

Votre développement - résultats

Vous n’avez pas pris ce quiz